LEADER 01247nam--2200409---450- 001 990000712180203316 005 20051202134118.0 010 $a0-51-37175-9 035 $a0071218 035 $aUSA010071218 035 $a(ALEPH)000071218USA01 035 $a0071218 100 $a20011030d1991----km-y0itay0103----ba 101 $aeng 102 $aGB 105 $a||||||||001yy 200 1 $a<> Cambridge guide to the museum of Europe$fKenneth Hudson and Ann Nicholls 210 $aCambridge$cCambridge university press$d1991 215 $a509 p.$c48 p. di tav. ill.$d25 cm 410 $12001 461 1$1001-------$12001 606 0 $aMusei$yEuropa$xGuide 676 $a069.094 700 1$aHUDSON,$bKenneth$036717 701 1$aNICHOLLS,$bAnn$0312092 801 0$aIT$bsalbc$gISBD 912 $a990000712180203316 951 $aXII.3.D. 5(VII B 231)$b107458 LM$cVII B 951 $aXII.3.D. 5a(VII B 231Bis)$b108897 LM$cVII B 959 $aBK 969 $aUMA 979 $aPATTY$b90$c20011030$lUSA01$h1716 979 $c20020403$lUSA01$h1720 979 $aPATRY$b90$c20040406$lUSA01$h1649 979 $aCOPAT5$b90$c20051202$lUSA01$h1341 996 $aCambridge guide to the museum of Europe$9963153 997 $aUNISA LEADER 02024nas 2200577-a 450 001 996202148003316 005 20240413012210.0 035 $a(CKB)954921401162 035 $a(CONSER)---83646675- 035 $a(EXLCZ)99954921401162 100 $a19830907b19832015 --- a 101 0 $aeng 181 $ctxt$2rdacontent 182 $cc$2rdamedia 183 $acr$2rdacarrier 200 10$aFutures 210 $a[Cedar Falls, Iowa] $c[Commodities Magazine]$d[©1983]-2015 210 2 $aChicago, Ill. $cFutures Communications Company, Inc 210 2 $aChicago, Ill. $cFutures Magazine, Inc 210 2 $aCedar Falls, Iowa $cOster Communications, Inc 210 2 $aErlanger, Ky. $cNational Underwriter Co 210 3 $aChicago, Ill. $cAlpha Pages, LLC 215 $a1 online resource 300 $aTitle from cover. 311 $aPrint version: Futures (Cedar Falls, Iowa) (DLC) 83646675 (OCoLC)9881835 0746-2468 531 $aFUTURES CEDAR FALLS 531 $aFUTURES NEWS ANALYSIS STRATEGIES FOR FUTURES OPTIONS DERIVATIVES TRADERS 531 $aFUTURES (CEDAR FALLS, IOWA) 531 $aFUTURES 531 0 $aFutures 606 $aFutures market$zUnited States$vPeriodicals 606 $aCommodity exchanges$zUnited States$vPeriodicals 606 $aOptions (Finance)$vPeriodicals 606 $aCommodity exchanges$2fast$3(OCoLC)fst00869717 606 $aFutures market$2fast$3(OCoLC)fst00936766 606 $aOptions (Finance)$2fast$3(OCoLC)fst01046893 607 $aUnited States$2fast$1https://id.oclc.org/worldcat/entity/E39PBJtxgQXMWqmjMjjwXRHgrq 608 $aPeriodicals.$2fast 608 $aPeriodicals.$2lcgft 615 0$aFutures market 615 0$aCommodity exchanges 615 0$aOptions (Finance) 615 7$aCommodity exchanges. 615 7$aFutures market. 615 7$aOptions (Finance) 676 $a332.64/4 906 $aJOURNAL 912 $a996202148003316 920 $aexl_impl conversion 996 $aFutures$91894875 997 $aUNISA LEADER 05214oam 2200733I 450 001 9910965547603321 005 20251117070020.0 010 $a1-136-71708-0 010 $a1-283-15092-1 010 $a9786613150929 010 $a1-136-71709-9 010 $a0-203-81572-6 024 7 $a10.4324/9780203815724 035 $a(CKB)2670000000093663 035 $a(EBL)692383 035 $a(OCoLC)730151713 035 $a(SSID)ssj0000523295 035 $a(PQKBManifestationID)12180016 035 $a(PQKBTitleCode)TC0000523295 035 $a(PQKBWorkID)10542689 035 $a(PQKB)11512435 035 $a(MiAaPQ)EBC692383 035 $a(Au-PeEL)EBL692383 035 $a(CaPaEBR)ebr10477476 035 $a(CaONFJC)MIL315092 035 $a(OCoLC)730503152 035 $a(EXLCZ)992670000000093663 100 $a20180706d2011 uy 0 101 0 $aeng 135 $aur|n|---||||| 181 $ctxt 182 $cc 183 $acr 200 00$aHuman rights in the Asia-Pacific region $etowards institution building /$fedited by Hitoshi Nasu and Ben Saul 205 $a1st ed. 210 1$aMilton Park, Abingdon, Oxon ;$aNew York, N.Y. :$cRoutledge,$d2011. 215 $a1 online resource (286 p.) 225 1 $aRoutledge research in human rights law 300 $aDescription based upon print version of record. 311 08$a0-415-85948-4 311 08$a0-415-60254-8 320 $aIncludes bibliographical references and index. 327 $aThe engagement of Asia-Pacific states with the UN Human Rights Committee: reporting and individual petitions / Ivan Shearer and Naomi Hart -- Human rights monitoring institutions and multiculturalism / Nisuke Ando -- Challenges to a human rights mechanism in the Asia-Pacific region: the experience of the universal periodic review of the UN human rights council / Shigeki Sakamoto -- Innovations in institution-building and fresh challenges: the optional protocol to the convention against torture and the convention on the rights of persons with disabilities / Sarah McCosker -- Chinese practice in un treaty monitoring bodies: principled sovereignty and slow appreciation / Wim Muller -- Resistance to regional human rights cooperation in the Asia-Pacific: demythologizing regional exceptionalism by learning from the Americas, Europe, and Africa / Ben Saul, Jacqueline Mowbray and Irene Baghoomians -- Persistent engagement and insistent persuasion: the role of the working group for an asean human rights mechanism in institutionalising human rights in the region / Tan Hsien-Li -- Asean: setting the agenda for the rights of migrant workers? / Susan Kneebone -- Challenges for Asean human rights mechanisms: the case of Lao PDR from a gender perspective / Irene Pietropaoli -- The role of networks in the implementation of human rights in the Asia-Pacific region / Catherine Renshaw -- Human rights commissions in times of trouble and transition: the case of the national human rights commission of Nepal / Andrea Durbach -- Corporate human rights abuses: what role for the national human rights institutions? / Surya Deva -- Rethinking human rights in China: towards a receptor framework / Mimi Zou and Tom Zwart. 330 $a"The Asia-Pacific region is known for having one of the least developed institutional mechanisms for protecting human rights. This edited collection makes a timely and distinctive contribution to contemporary debates about strengthening the institutional protection of human rights in the Asia-Pacific region, in the wake of ASEAN's announcement in 2009 of an ASEAN regional human rights mechanism.Drawing together leading scholarly voices, the book focuses on the systemic issue of institutionalising human rights protection in the Asia-Pacific. It critically examines the prospects for deepening and widening the institutionalization of human rights monitoring in the region, challenging the orthodox scepticism about whether Asia is "ready" for stronger institutions. The volume analyses the impediments to institutions, whilst questioning the need for them. The collection provides a range of perspectives on the issues and many of the chapters bring a variety of interdisciplinary insights to bear. As such, the collection will be of interest to a scholarly and student audience in law, as well as to readers in international relations, political science, Asian studies, and human rights"--$cProvided by publisher. 410 0$aRoutledge research in human rights law. 606 $aHuman rights$zAsia 606 $aHuman rights$zPacific Area 606 $aNational human rights institutions$zAsia 606 $aNational human rights institutions$zPacific Area 615 0$aHuman rights 615 0$aHuman rights 615 0$aNational human rights institutions 615 0$aNational human rights institutions 676 $a341.4/8095 686 $aLAW000000$aLAW013000$aLAW016000$2bisacsh 701 $aNasu$b Hitoshi$0477788 701 $aSaul$b Ben$0601338 801 0$bMiAaPQ 801 1$bMiAaPQ 801 2$bMiAaPQ 906 $aBOOK 912 $a9910965547603321 996 $aHuman rights in the Asia-Pacific region$94486360 997 $aUNINA